Tolley's estate planning 2010-11 / (Record no. 5196)
[ view plain ]
| 000 -LEADER | |
|---|---|
| fixed length control field | 00733nam a22002177a 4500 |
| 008 - FIXED-LENGTH DATA ELEMENTS--GENERAL INFORMATION | |
| fixed length control field | 120917t xxu||||| |||| 00| 0 eng d |
| 020 ## - INTERNATIONAL STANDARD BOOK NUMBER | |
| International Standard Book Number | 9-7807-5453-8950 |
| 082 ## - DEWEY DECIMAL CLASSIFICATION NUMBER | |
| Edition number | 22 ed. |
| Classification number | 346.052 MCK |
| Item number | |
| 100 ## - MAIN ENTRY--PERSONAL NAME | |
| Personal name | Mckie, Sharon |
| 9 (RLIN) | 6746 |
| 245 ## - TITLE STATEMENT | |
| Title | Tolley's estate planning 2010-11 / |
| Statement of responsibility, etc | Sharon Mckie and Simon Mckie |
| 260 ## - PUBLICATION, DISTRIBUTION, ETC. (IMPRINT) | |
| Place of publication, distribution, etc | United Kingdom : |
| Name of publisher, distributor, etc | LexisNexis |
| Date of publication, distribution, etc | 2010 |
| 300 ## - PHYSICAL DESCRIPTION | |
| Extent | xxxiv. ; 566 p. : |
| Dimensions | 23 cm. |
| 500 ## - GENERAL NOTE | |
| General note | Includes Index |
| 650 ## - SUBJECT ADDED ENTRY--TOPICAL TERM | |
| Topical term or geographic name as entry element | Estate planning -- England |
| 9 (RLIN) | 6747 |
| 650 ## - SUBJECT ADDED ENTRY--TOPICAL TERM | |
| Topical term or geographic name as entry element | Estate planning -- Wales |
| 9 (RLIN) | 6748 |
| 650 ## - SUBJECT ADDED ENTRY--TOPICAL TERM | |
| Topical term or geographic name as entry element | Tax planning -- England |
| 9 (RLIN) | 6749 |
| 650 ## - SUBJECT ADDED ENTRY--TOPICAL TERM | |
| Topical term or geographic name as entry element | Tax planning -- Wales |
| 9 (RLIN) | 6750 |
| 650 ## - SUBJECT ADDED ENTRY--TOPICAL TERM | |
| Topical term or geographic name as entry element | Tolley's estate planning 2010-11 |
| 9 (RLIN) | 6751 |
| 700 ## - ADDED ENTRY--PERSONAL NAME | |
| Personal name | Mckie, Simon |
| 9 (RLIN) | 6752 |
| 942 ## - ADDED ENTRY ELEMENTS (KOHA) | |
| Source of classification or shelving scheme | Dewey Decimal Classification |
| Item type | Books |
| Withdrawn status | Lost status | Source of classification or shelving scheme | Damaged status | Not for loan | Home library | Current library | Date acquired | Total Checkouts | Full call number | Barcode | Date last seen | Copy number | Price effective from | Koha item type | Public note |
|---|---|---|---|---|---|---|---|---|---|---|---|---|---|---|---|
| Dewey Decimal Classification | Archives | Archives | 09/17/2012 | 346.052 MCK | 3979/2012 | 09/17/2012 | 1 | 09/17/2012 | Books | Reserve book |
